书目信息 |
| 题名: |
曹禺剧作论
|
|
| 作者: | 田本相 著 | |
| 分册: | ||
| 出版信息: | 北京 中国戏剧出版社 1981 |
|
| 页数: | 392页 | |
| 开本: | 19cm | |
| 丛书名: | ||
| 单 册: | ||
| 中图分类: | I207.34 , I207.3 | |
| 科图分类: | ||
| 主题词: | 话剧 , 文学研究 | |
| 电子资源: | ||
| ISBN: | ||
| 000 | 00714nam0 2200265 450 | |
| 001 | 1557799147 | |
| 005 | 20150125160340.01 | |
| 010 | @dCNY1.20 | |
| 091 | @a8069.117 | |
| 100 | @a19950620d1981 kmey0chiy0110 ea | |
| 101 | 0 | @achi |
| 102 | @aCN@b110000 | |
| 105 | @ay z 000yy | |
| 200 | 1 | @a曹禺剧作论@9cao yu ju zuo lun@f田本相著 |
| 210 | @a北京@c中国戏剧出版社@d1981 | |
| 215 | @a392页@d19cm | |
| 600 | 0 | @a曹禺@f(1910~1996)@x话剧@x文学研究@y中国 |
| 600 | 0 | @2CT@3S006319@a曹禺@f(1910~1996) |
| 606 | 0 | @a话剧 |
| 606 | 0 | @a文学研究 |
| 690 | @aI207.34@v5 | |
| 690 | @aI207.3@v4 | |
| 701 | 0 | @a田本相@9tian ben xiang@f(1932.5~)@4著 |
| 801 | 0 | @aCN@bTSSF@c20150125 |
| 905 | @aZUCC@dI207.3@eJY164 | |
| 曹禺剧作论/田本相著.-北京:中国戏剧出版社,1981 |
| 392页;19cm |
| ISBN :CNY1.20 |
| ● |
| 相关链接 |
|
|
|
|
正题名:曹禺剧作论
索取号:I207.3/JY164
 
预约/预借
| 序号 | 登录号 | 条形码 | 馆藏地/架位号 | 状态 | 备注 |
| 1 | 7855078 | 278550783 | 学院路分馆/ [索取号:I207.3/JY164] | 在馆 |